000 00545nam a2200217Ia 4500
003 OSt
005 20220928145105.0
006 a|||||r|||| 00| 0
007 ta
008 220927b |||||||| |||| 00| 0 eng d
024 _a78679
037 _cTextual
040 _aSDCL
_cSDCL
_beng
041 _2eng
_aeng
082 _aQ22, L8
100 _aDhal Upendra Nath
_9511587
245 0 _aGoddess Laksmi
_b Origin and development.
260 _c1978
942 _hQ22, L8
_cTEXL
_2CC
999 _c831880
_d831880